[Event "XXI European Club Cup"]
[Site "Saint Vincent - Chatillon ITA"]
[Date "2005.09.20"]
[Round "3"]
[White "Ribli, Zoltan"]
[Black "Stojanovski, Dejan"]
[Result "1/2-1/2"]
[WhiteElo "2591"]
[BlackElo "2405"]
[PlyCount "106"]
[EventDate "2005.09.18"]

1. Nf3 Nf6 2. c4 c5 3. Nc3 g6 4. e4 d6 5. d4 cxd4 6. Nxd4 Nc6 7. Be2 Bg7 8. Be3
O-O 9. O-O Bd7 10. Nc2 Rc8 11. Rc1 Qa5 12. f3 Be6 13. Qe1 Rfe8 14. Kh1 Nd7 15.
Bd2 Qb6 16. b3 Nd4 17. Nxd4 Qxd4 18. Rd1 a6 19. Na4 Nc5 20. Bc1 Qa1 21. Nxc5
dxc5 22. Qd2 Qc3 23. Qxc3 Bxc3 24. Be3 Bb4 25. f4 Rcd8 26. Kg1 Bd7 27. Kf2 Bc6
28. Bf3 f6 29. e5 Bxf3 30. Kxf3 Kf7 31. Rd5 e6 32. Rxd8 Rxd8 33. exf6 Kxf6 34.
Ke4 b6 35. g4 Bc3 36. h4 Kg7 37. Rc1 Bf6 38. g5 Bb2 39. Rc2 Ba1 40. b4 cxb4 41.
Bxb6 Rc8 42. Bd4+ Bxd4 43. Kxd4 Kf7 44. c5 Ke7 45. Kc4 Rf8 46. Kxb4 Rxf4+ 47.
Ka5 Kd7 48. c6+ Kc7 49. Kxa6 Rxh4 50. Kb5 Rh5 51. Rc5 h6 52. a4 hxg5 53. a5 Rh1
1/2-1/2

[Event "XXI European Club Cup"]
[Site "Saint Vincent - Chatillon ITA"]
[Date "2005.09.21"]
[Round "4"]
[White "Domont, Alexandre"]
[Black "Kempinski, Robert"]
[Result "0-1"]
[WhiteElo "2415"]
[BlackElo "2619"]
[PlyCount "94"]
[EventDate "2005.09.18"]

1. e4 c5 2. Nf3 d6 3. Bb5+ Nd7 4. d4 Ngf6 5. Nc3 a6 6. Bxd7+ Nxd7 7. a4 e6 8.
dxc5 Nxc5 9. Bg5 f6 10. Bf4 b6 11. b4 Nb7 12. O-O Be7 13. Nd4 Bd7 14. Qh5+ g6
15. Qh6 Bf8 16. Qh4 e5 17. Nf5 exf4 18. Nd5 Kf7 19. Ra3 Bg7 20. Qxf4 gxf5 21.
exf5 Re8 22. Rg3 Re5 23. Qg4 Qf8 24. Nxb6 Bxf5 25. Qc4+ d5 26. Qc7+ Re7 27. Qf4
Be4 28. Nxa8 Qxa8 29. c4 Nd8 30. Re1 Ne6 31. Qg4 Bg6 32. h4 f5 33. Rf3 Bf6 34.
Rxf5 Bxf5 35. Qxf5 Ng7 36. Rxe7+ Kxe7 37. Qxh7 dxc4 38. h5 Qd5 39. h6 Qd1+ 40.
Kh2 Qh5+ 41. Kg1 c3 42. Qe4+ Ne6 43. Qb7+ Kf8 44. Qc8+ Kf7 45. Qd7+ Be7 46. Qd3
Qe5 47. Kf1 c2 0-1

[Event "XXI European Club Cup"]
[Site "Saint Vincent - Chatillon ITA"]
[Date "2005.09.21"]
[Round "4"]
[White "Hammer, Jon Ludvig"]
[Black "Einarsson, Bergsteinn"]
[Result "1/2-1/2"]
[WhiteElo "2318"]
[BlackElo "2235"]
[PlyCount "89"]
[EventDate "2005.09.18"]

1. e4 c5 2. Nf3 d6 3. Bb5+ Nd7 4. d4 Ngf6 5. Nc3 cxd4 6. Qxd4 e5 7. Qd3 h6 8.
a4 Be7 9. Be3 O-O 10. Bc4 Ng4 11. O-O Nxe3 12. Qxe3 Nb6 13. Bb3 Be6 14. Rfd1
Qc7 15. a5 Nc4 16. Bxc4 Qxc4 17. b3 Qc6 18. Ne1 f5 19. Nd5 Bh4 20. c4 fxe4 21.
g3 Bd8 22. Qxe4 Bf5 23. Qg2 Kh8 24. Nc3 Qc5 25. Nd3 Qc7 26. Nb5 Qe7 27. Nb4 a6
28. Nxd6 Bg4 29. Rd3 Be2 30. Rd2 Bf3 31. Qf1 e4 32. Qe1 Qe6 33. c5 Bf6 34. Nd5
Bxa1 35. Qxa1 Rad8 36. Qc3 Rd7 37. Ne3 Kh7 38. Qb4 Qe7 39. Rd5 Qe6 40. Qd4 h5
41. Qe5 Qg6 42. Qg5 Qe6 43. Qe5 Qg6 44. Qg5 Qe6 45. Qe5 1/2-1/2

[Event "XXI European Club Cup"]
[Site "Saint Vincent - Chatillon ITA"]
[Date "2005.09.22"]
[Round "5"]
[White "Brunello, Sabino"]
[Black "Gunnarsson, Arnar"]
[Result "0-1"]
[WhiteElo "2373"]
[BlackElo "2438"]
[PlyCount "162"]
[EventDate "2005.09.18"]

1. e4 e5 2. Nf3 Nc6 3. d4 exd4 4. Nxd4 Bc5 5. Be3 Qf6 6. c3 Nge7 7. Bc4 b6 8.
O-O Bb7 9. f4 O-O-O 10. b4 Bxd4 11. cxd4 Nxb4 12. d5 Kb8 13. Bd4 Qg6 14. Nc3
Nbc6 15. Be3 Na5 16. Be2 f5 17. e5 d6 18. e6 c6 19. Re1 cxd5 20. Bh5 Qh6 21.
Nb5 Nc4 22. Bc1 Qf6 23. Rb1 Nc8 24. Bf3 a6 25. Na3 Qe7 26. Bxd5 Nxa3 27. Bxa3
Rhe8 28. Bb2 g6 29. a4 Bxd5 30. Qxd5 Qb7 31. Qd3 d5 32. Bf6 Rd6 33. Be5 Rexe6
34. Bxd6+ Rxd6 35. Qd4 a5 36. Rb5 Qc6 37. Rd1 Na7 38. Rb3 Kb7 39. Re1 Ka6 40.
Rc3 Qd7 41. Rb1 Rc6 42. Rcb3 Qd6 43. Rb5 Qc7 44. Rxd5 Rc1+ 45. Rxc1 Qxc1+ 46.
Kf2 Qc2+ 47. Kg3 Nc6 48. Qe3 Qc4 49. Rd6 Qxa4 50. Qe6 Qa3+ 51. Kh4 Qc1 52. Kg5
Kb5 53. Qe2+ Kc5 54. Rd2 Nb4 55. Qe5+ Kc6 56. Qe8+ Kb7 57. Rd7+ Ka6 58. Rxh7
Qd1 59. Qa8+ Kb5 60. Qe8+ Ka6 61. Kxg6 Qg4+ 62. Kf7 Qxf4 63. Qe2+ Kb7 64. Kf6+
Kc6 65. Qe8+ Kc5 66. Qe5+ Qxe5+ 67. Kxe5 a4 68. Kxf5 Nc6 69. Rh3 b5 70. Ra3 Kb4
71. Ra1 a3 72. h4 Ka4 73. h5 Ne7+ 74. Kf6 b4 75. Kxe7 b3 76. h6 b2 77. Rh1 a2
78. h7 a1=Q 79. h8=Q Qa3+ 80. Ke6 Qb3+ 81. Kd6 Qd3+ 0-1

[Event "XXI European Club Cup"]
[Site "Saint Vincent - Chatillon ITA"]
[Date "2005.09.22"]
[Round "5"]
[White "Kristensen, Bjarke"]
[Black "Karlsson, Lars"]
[Result "0-1"]
[WhiteElo "2391"]
[BlackElo "2472"]
[PlyCount "84"]
[EventDate "2005.09.18"]

1. d4 e6 2. e4 d5 3. Nc3 Bb4 4. Nge2 dxe4 5. a3 Be7 6. Nxe4 Nc6 7. c3 Nf6 8.
N2g3 e5 9. Nxf6+ Bxf6 10. d5 Ne7 11. c4 Nf5 12. Nxf5 Bxf5 13. g4 Bg6 14. Qa4+
Qd7 15. Qxd7+ Kxd7 16. h4 h6 17. Be3 Be4 18. Rh3 g5 19. h5 Be7 20. O-O-O f5 21.
gxf5 Bxf5 22. Rf3 Bg4 23. Bh3 Bxh3 24. Rxh3 b6 25. Kd2 Rhf8 26. Kd3 Bc5 27. Ke4
a5 28. Rf3 Rxf3 29. Kxf3 Rf8+ 30. Ke4 Kd6 31. a4 Bxe3 32. fxe3 Rf2 33. b3 Rh2
34. Rf1 Rh4+ 35. Kf5 Rxh5 36. Kg6 Rh3 37. Rf6+ Kd7 38. Rf7+ Kc8 39. Rf8+ Kb7
40. Rf7 Rxe3 41. d6 Kc6 42. dxc7 Kb7 0-1

[Event "XXI European Club Cup"]
[Site "Saint Vincent - Chatillon ITA"]
[Date "2005.09.22"]
[Round "5"]
[White "Matthiesen, Arne"]
[Black "Polzin, Rainer"]
[Result "1-0"]
[WhiteElo "2356"]
[BlackElo "2514"]
[PlyCount "89"]
[EventDate "2005.09.18"]

1. d4 Nf6 2. c4 g6 3. Nf3 Bg7 4. g3 O-O 5. Bg2 d6 6. Nc3 Nbd7 7. O-O e5 8. e4
exd4 9. Nxd4 a6 10. h3 Re8 11. Be3 Rb8 12. b3 Nc5 13. Qc2 Bd7 14. b4 Ne6 15.
Rad1 Qc8 16. Kh2 a5 17. a3 axb4 18. axb4 Ra8 19. Ndb5 h6 20. f4 h5 21. e5 Nh7
22. f5 gxf5 23. exd6 c6 24. Nd4 Nef8 25. Bc1 h4 26. Nxf5 Bxf5 27. Rxf5 hxg3+
28. Kh1 Qe6 29. Rf3 Qxc4 30. Rxg3 Ng6 31. d7 Red8 32. Be4 Nhf8 33. Bf5 Ra1 34.
Bg5 Rxd1+ 35. Qxd1 Rxd7 36. Bxd7 Nxd7 37. Qd3 Qe6 38. Ne4 Nge5 39. Qe2 Qd5 40.
Bh6 Ng6 41. Bxg7 Kxg7 42. Kh2 Nde5 43. Rg5 Qb3 44. Nc5 Qxb4 45. Qxe5+ 1-0

[Event "XXI European Club Cup"]
[Site "Saint Vincent - Chatillon ITA"]
[Date "2005.09.22"]
[Round "5"]
[White "Socko, Bartosz"]
[Black "Kovalev, Andrei"]
[Result "1/2-1/2"]
[WhiteElo "2615"]
[BlackElo "2548"]
[PlyCount "92"]
[EventDate "2005.09.18"]

1. e4 c5 2. Nf3 d6 3. d4 Nf6 4. Nc3 cxd4 5. Nxd4 a6 6. Be3 Nc6 7. f3 e6 8. Qd2
Be7 9. O-O-O O-O 10. g4 Nxd4 11. Bxd4 b5 12. Kb1 Qc7 13. h4 Nd7 14. Bd3 b4 15.
Ne2 Ne5 16. Rdf1 a5 17. g5 Nxd3 18. cxd3 e5 19. Be3 d5 20. Rc1 Qb7 21. Bc5 Rd8
22. Qe3 Be6 23. f4 dxe4 24. dxe4 Bxc5 25. Rxc5 exf4 26. Nxf4 Re8 27. Rhc1 Qd7
28. b3 Bf5 29. R5c4 Rxe4 30. Rxe4 Re8 31. Rcc4 Rxe4 32. Rxe4 Qc6 33. Kb2 Qxe4
34. Qxe4 Bxe4 35. a3 f6 36. axb4 axb4 37. Kc1 Kf7 38. Kd2 fxg5 39. hxg5 h6 40.
gxh6 g5 41. Nh3 Kf6 42. Ke3 Bf5 43. Nxg5 Kxg5 44. Kd4 Kxh6 45. Kc4 Be6+ 46.
Kxb4 Bxb3 1/2-1/2

[Event "XXI European Club Cup"]
[Site "Saint Vincent - Chatillon ITA"]
[Date "2005.09.22"]
[Round "5"]
[White "Van der Stricht, Geert"]
[Black "Franssila, Tommi"]
[Result "1-0"]
[WhiteElo "2400"]
[BlackElo "2273"]
[PlyCount "85"]
[EventDate "2005.09.18"]

1. d4 d5 2. c4 Nc6 3. Nc3 dxc4 4. Nf3 Nf6 5. e4 Bg4 6. Be3 e6 7. Bxc4 Bb4 8.
Qc2 O-O 9. Rd1 Ne7 10. Be2 Ng6 11. O-O Bxc3 12. bxc3 Qe7 13. Rb1 c6 14. Bg5 Qc7
15. h3 Bxf3 16. Bxf3 Rac8 17. Qd2 b6 18. h4 Ne8 19. h5 Nh8 20. h6 f6 21. hxg7
Nxg7 22. Bh6 Ng6 23. g3 Qf7 24. Rbe1 Rfd8 25. Bd1 c5 26. Bb3 c4 27. Bc2 Kh8 28.
Kg2 Rg8 29. Rh1 f5 30. Bg5 Ne8 31. exf5 exf5 32. d5 Rf8 33. Qd4+ Ng7 34. d6
Qb7+ 35. Kg1 Qd7 36. Bh6 Rf7 37. Bxg7+ Rxg7 38. Rh5 Rf8 39. Rg5 Rff7 40. Bxf5
Rxf5 41. Rxf5 Qxf5 42. Re8+ Nf8 43. d7 1-0

[Event "XXI European Club Cup"]
[Site "Saint Vincent - Chatillon ITA"]
[Date "2005.09.22"]
[Round "5"]
[White "Winants, Luc"]
[Black "Wirig, Anthony"]
[Result "1-0"]
[WhiteElo "2543"]
[BlackElo "2405"]
[PlyCount "157"]
[EventDate "2005.09.18"]

1. d4 Nf6 2. c4 e6 3. Nc3 Bb4 4. e3 O-O 5. Nge2 d5 6. cxd5 exd5 7. g3 c6 8. Bg2
Bd6 9. Qc2 Re8 10. O-O a5 11. f3 c5 12. Nb5 Bf8 13. dxc5 Na6 14. Nd6 Bxd6 15.
cxd6 Qxd6 16. Nd4 Bd7 17. b3 a4 18. Qd2 a3 19. Nc2 Nc7 20. Qb4 Qxb4 21. Nxb4
Nb5 22. Bd2 d4 23. e4 Be6 24. Rfc1 Rec8 25. Bf1 Rxc1 26. Rxc1 Nc3 27. Bxc3 dxc3
28. Rxc3 g5 29. Bd3 Nd7 30. f4 f6 31. Bb5 Nf8 32. Kf2 Rd8 33. Bd3 Bf7 34. Ke3
Ng6 35. Rc7 b6 36. Ra7 gxf4+ 37. gxf4 Nh4 38. Bc4 Bxc4 39. bxc4 Ng2+ 40. Kf3
Rd2 41. Rxa3 Kg7 42. Ra7+ Kg6 43. Nd5 Ne1+ 44. Kg3 Rg2+ 45. Kh3 Rc2 46. Ne7+
Kh5 47. Nf5 Rc3+ 48. Ng3+ Kg6 49. f5+ Kh6 50. e5 fxe5 51. f6 Rxc4 52. Re7 Nf3
53. Kg2 Nh4+ 54. Kf2 Rf4+ 55. Ke2 Rxf6 56. Rxe5 Nf3 57. Rd5 Ng1+ 58. Ke3 Rf3+
59. Ke4 Ra3 60. Kf5 Rf3+ 61. Ke6 Ra3 62. Kf6 Rf3+ 63. Nf5+ Kh5 64. Rd4 Rh3 65.
Ng3+ Kh6 66. Rd3 Rxh2 67. Nf5+ Kh5 68. Rg3 Nh3 69. a4 h6 70. Rg6 Rb2 71. Rxh6+
Kg4 72. Rh4+ Kf3 73. Rxh3+ Kg2 74. Ra3 b5 75. a5 b4 76. Ra1 b3 77. Nd4 Rf2+ 78.
Ke5 b2 79. Rb1 1-0

[Event "XXI European Club Cup"]
[Site "Saint Vincent - Chatillon ITA"]
[Date "2005.09.23"]
[Round "6"]
[White "Borriss, Martin"]
[Black "Gallagher, Joseph G."]
[Result "1-0"]
[WhiteElo "2424"]
[BlackElo "2544"]
[PlyCount "135"]
[EventDate "2005.09.18"]

1. e4 c5 2. Nf3 d6 3. d4 cxd4 4. Nxd4 Nf6 5. Nc3 a6 6. Be3 e5 7. Nb3 Be6 8. f4
exf4 9. Bxf4 Nc6 10. Qe2 Be7 11. h3 Ne5 12. O-O-O Nfd7 13. Nd4 g6 14. Nd5 Bxd5
15. exd5 Qa5 16. Kb1 Bf6 17. g4 h5 18. Rg1 hxg4 19. hxg4 Kf8 20. g5 Bg7 21. Rg3
Kg8 22. Ra3 Qd8 23. Rh3 Nb6 24. Rxh8+ Bxh8 25. Bc1 Rc8 26. Qh2 Bg7 27. Bh3 Rc4
28. Ne6 Qe8 29. Rh1 fxe6 30. Bxe6+ Nf7 31. Qh7+ Kf8 32. Rf1 Rc7 33. Qxg6 Nc4
34. c3 Nce5 35. Qf5 Qb5 36. g6 Rxc3 37. Bxf7 Qd3+ 38. Qxd3 Rxd3 39. Be6+ Ke8
40. Bc8 Rg3 41. Bxb7 a5 42. Ba6 Rxg6 43. Bd2 a4 44. Bb5+ Ke7 45. Bxa4 Nc4 46.
Re1+ Kd8 47. Bc1 Rg2 48. Bb5 Nb6 49. a4 Kc7 50. Re7+ Kd8 51. Rb7 Bd4 52. Bc6
Nc4 53. Rb4 Nd2+ 54. Ka2 Bc5 55. Bxd2 Rxd2 56. Rb7 Rd4 57. a5 Rb4 58. Rf7 Kc8
59. b3 Re4 60. Kb2 Re3 61. a6 Re2+ 62. Kc3 Ra2 63. b4 Be3 64. Kc4 Kb8 65. Kb5
Ra1 66. Rd7 Kc8 67. Rxd6 Rb1 68. Re6 1-0

[Event "XXI European Club Cup"]
[Site "Saint Vincent - Chatillon ITA"]
[Date "2005.09.23"]
[Round "6"]
[White "Devereaux, Maxim L."]
[Black "Jonsson, Bjorgvin"]
[Result "1-0"]
[WhiteElo "2344"]
[BlackElo "2415"]
[PlyCount "71"]
[EventDate "2005.09.18"]

1. d4 Nf6 2. c4 e6 3. Nf3 b6 4. g3 Ba6 5. b3 d5 6. Bg2 dxc4 7. Ne5 Bb4+ 8. Kf1
Bd6 9. Nxc4 Nd5 10. e4 Ne7 11. Bb2 Nbc6 12. Nbd2 e5 13. d5 Nd4 14. Nf3 c5 15.
Kg1 Bxc4 16. bxc4 O-O 17. Bh3 Re8 18. Kg2 Nc8 19. a4 Bf8 20. Rc1 Nd6 21. Re1 g6
22. Nxd4 cxd4 23. f4 Bg7 24. Qd3 Qf6 25. Bd7 Re7 26. Bc6 Rd8 27. fxe5 Qxe5 28.
Rcd1 Nxe4 29. d6 Qxd6 30. Bxe4 Qd7 31. Bd5 Rde8 32. Rxe7 Rxe7 33. Rf1 Qxa4 34.
Ba3 Rc7 35. Bd6 Rd7 36. Qe4 1-0

[Event "XXI European Club Cup"]
[Site "Saint Vincent - Chatillon ITA"]
[Date "2005.09.23"]
[Round "6"]
[White "Khenkin, Igor"]
[Black "Yandemirov, Valeri"]
[Result "1-0"]
[WhiteElo "2610"]
[BlackElo "2515"]
[PlyCount "89"]
[EventDate "2005.09.18"]

1. d4 Nf6 2. c4 g6 3. Nc3 d5 4. Bf4 Bg7 5. e3 c5 6. dxc5 Qa5 7. Rc1 dxc4 8.
Bxc4 O-O 9. Nge2 Nbd7 10. a3 Qxc5 11. Nb5 Qh5 12. Nc7 e5 13. Bxf7+ Kh8 14. Nxa8
exf4 15. Nxf4 Qxd1+ 16. Kxd1 Ne5 17. Be6 Bxe6 18. Nxe6 Rxa8 19. Rc7 Ne8 20.
Rxb7 Bf6 21. f4 Nc4 22. Rf7 h6 23. Ke2 Ncd6 24. Rd7 Bxb2 25. Kf3 Bxa3 26. Ra1
Nb5 27. e4 a5 28. e5 Bb4 29. Rb7 Ra6 30. Rxb5 Rxe6 31. g4 Kg8 32. Rc1 Re7 33.
Rc6 Kf7 34. f5 gxf5 35. gxf5 Nc7 36. Rb7 Nd5 37. Rxh6 Rxb7 38. Rh7+ Ke8 39.
Rxb7 Ne7 40. Ke4 Bc3 41. f6 Ng6 42. e6 Bxf6 43. Kf5 Be5 44. Kxg6 Bxh2 45. Kf6
1-0

[Event "XXI European Club Cup"]
[Site "Saint Vincent - Chatillon ITA"]
[Date "2005.09.23"]
[Round "6"]
[White "Nedev, Trajko"]
[Black "Eljanov, Pavel"]
[Result "0-1"]
[WhiteElo "2530"]
[BlackElo "2639"]
[PlyCount "76"]
[EventDate "2005.09.18"]

1. e4 d6 2. d4 Nf6 3. Nc3 e5 4. Nf3 Nbd7 5. Bc4 Be7 6. O-O O-O 7. Re1 c6 8. a4
b6 9. Bg5 a6 10. d5 c5 11. Rb1 Nh5 12. Be3 g6 13. Bh6 Ng7 14. Qd2 Nf6 15. h3
Kh8 16. b4 Ng8 17. bxc5 bxc5 18. Rb3 f5 19. Bg5 Nf6 20. Bxf6 Bxf6 21. Bd3 Nh5
22. Bf1 Bg7 23. Qg5 Qc7 24. Nd2 f4 25. g4 fxg3 26. fxg3 c4 27. Nxc4 Qc5+ 28.
Ne3 Nf4 29. g4 Ra7 30. Qh4 Raf7 31. Ncd1 Qd4 32. c4 Bd7 33. Rb7 Bxa4 34. Rxf7
Rxf7 35. Qg3 Bf6 36. Nf2 Bd8 37. c5 Qxc5 38. Bxa6 Qa5 0-1

[Event "XXI European Club Cup"]
[Site "Saint Vincent - Chatillon ITA"]
[Date "2005.09.24"]
[Round "7"]
[White "Efimenko, Zahar"]
[Black "Kurajica, Bojan"]
[Result "1-0"]
[WhiteElo "2643"]
[BlackElo "2537"]
[PlyCount "72"]
[EventDate "2005.09.18"]

1. c4 e6 2. Nc3 Bb4 3. Qb3 Nc6 4. Nf3 Nf6 5. a3 Bxc3 6. Qxc3 O-O 7. b4 d6 8. b5
Nb8 9. e3 e5 10. d4 e4 11. Nd2 c6 12. a4 Re8 13. Bb2 Bf5 14. h3 d5 15. Be2 h5
16. Ba3 a6 17. O-O Re6 18. Rfb1 axb5 19. axb5 Nbd7 20. bxc6 bxc6 21. Rb7 dxc4
22. Nxc4 Nd5 23. Qe1 Rg6 24. Bxh5 Rxg2+ 25. Kxg2 Qg5+ 26. Bg4 Bxg4 27. hxg4
Nf4+ 28. Kg3 Nf6 29. Ne5 N6h5+ 30. Kh2 Nd3 31. f4 Nhxf4 32. Nxd3 Qh6+ 33. Kg1
Nh3+ 34. Kg2 exd3 35. Qg3 d2 36. Qxh3 Qe6 1-0

[Event "XXI European Club Cup"]
[Site "Saint Vincent - Chatillon ITA"]
[Date "2005.09.24"]
[Round "7"]
[White "Eljanov, Pavel"]
[Black "Izoria, Zviad"]
[Result "1/2-1/2"]
[WhiteElo "2639"]
[BlackElo "2606"]
[PlyCount "212"]
[EventDate "2005.09.18"]

1. d4 e6 2. c4 Nf6 3. Nf3 b6 4. g3 Ba6 5. Nbd2 Bb4 6. Qc2 Bb7 7. Bg2 Be4 8. Qd1
Bxd2+ 9. Qxd2 O-O 10. O-O a5 11. b3 d6 12. Bb2 Nbd7 13. Qc3 a4 14. Bh3 c5 15.
Rad1 Qe7 16. b4 cxb4 17. Qxb4 Bxf3 18. exf3 b5 19. d5 e5 20. cxb5 Nb6 21. Qc3
Nfxd5 22. Qc6 Rac8 23. Bxc8 Rxc8 24. Qxc8+ Nxc8 25. Rxd5 Qb7 26. Rfd1 h6 27.
Bc1 Ne7 28. Rxd6 Qxb5 29. f4 exf4 30. Bxf4 Ng6 31. R6d4 Qe2 32. R1d2 Qe1+ 33.
Kg2 Nxf4+ 34. gxf4 Qe6 35. h3 Qc6+ 36. Kh2 Kh7 37. a3 Qc1 38. R2d3 Qc2 39. Kg2
Qc6+ 40. Kg3 Qg6+ 41. Kh2 Qc6 42. f5 Qb5 43. Rf3 Qe5+ 44. Rdf4 Qd5 45. Kg3 Qd6
46. h4 h5 47. Kh3 f6 48. Rxa4 Qd1 49. Rff4 Qh1+ 50. Kg3 Qg1+ 51. Kf3 Qh1+ 52.
Ke2 Qd5 53. Rac4 Qe5+ 54. Kf3 Qd5+ 55. Rce4 Qd3+ 56. Re3 Qd5+ 57. Kg3 Qh1 58.
a4 Qg1+ 59. Kf3 Qh1+ 60. Ke2 Qb1 61. Ree4 Qc2+ 62. Kf3 Qd1+ 63. Kg2 Qd5 64. Kh2
Qc5 65. Re3 Qd6 66. Ref3 Qe5 67. Kg2 Qd5 68. Rb4 Qc5 69. Re4 Qd5 70. Ree3 Qc5
71. Ra3 Qa5 72. Rg3 Kh8 73. Rgb3 Qd5+ 74. Kg1 Qa5 75. Re3 Kh7 76. Red3 Qe1+ 77.
Kg2 Qa5 78. Rf3 Kh8 79. Kh3 Kh7 80. Kh2 Kh8 81. Kg1 Qe1+ 82. Kg2 Qa5 83. Kf1
Qa6+ 84. Rfd3 Qa5 85. Rdc3 Kh7 86. Rf3 Qa6+ 87. Ke1 Qa5+ 88. Kd1 Qd5+ 89. Rfd3
Qa5 90. f3 Kh8 91. Kc2 Kh7 92. Kb2 Qe5+ 93. Rdc3 Qa5 94. Ka1 Kh8 95. Kb2 Kh7
96. Rc4 Qd2+ 97. Kb3 Qd1+ 98. Kb2 Qd2+ 99. Rc2 Qa5 100. Rcc3 Kh8 101. Ra2 Kh7
102. Rc4 Qb6+ 103. Kc2 Qf2+ 104. Kb3 Qxf3+ 105. Kb4 Qb7+ 106. Kc3 Qf3+ 1/2-1/2

[Event "XXI European Club Cup"]
[Site "Saint Vincent - Chatillon ITA"]
[Date "2005.09.24"]
[Round "7"]
[White "Nyback, Tomi"]
[Black "Vukic, Milan"]
[Result "1/2-1/2"]
[WhiteElo "2571"]
[BlackElo "2478"]
[PlyCount "88"]
[EventDate "2005.09.18"]

1. d4 Nf6 2. c4 d6 3. Nf3 Nbd7 4. Nc3 c6 5. e4 e5 6. Be2 Be7 7. O-O O-O 8. Rb1
Qc7 9. b4 exd4 10. Nxd4 Re8 11. Re1 Bf8 12. Bf1 a5 13. a3 axb4 14. axb4 Ne5 15.
h3 h6 16. f4 Ng6 17. g3 Bd7 18. Bg2 Rad8 19. Kh2 Bc8 20. Qf3 Bd7 21. Be3 Ra8
22. Qf2 Ra3 23. Qb2 Raa8 24. Nb3 h5 25. Qf2 h4 26. Nd4 hxg3+ 27. Qxg3 Ra3 28.
Nde2 d5 29. cxd5 Nh5 30. Qf3 Nhxf4 31. Bxf4 Nxf4 32. Nxf4 Bd6 33. Rf1 cxd5 34.
Rbc1 d4 35. Ncd5 Rxf3 36. Rxc7 Rxf1 37. Bxf1 Bxc7 38. Nxc7 Rxe4 39. Nd3 b6 40.
Nd5 Bb5 41. Nf2 Re5 42. Bxb5 Rxd5 43. Bc4 Re5 44. Kg3 Re3+ 1/2-1/2

[Event "XXI European Club Cup"]
[Site "Saint Vincent - Chatillon ITA"]
[Date "2005.09.24"]
[Round "7"]
[White "Ogaard, Leif"]
[Black "Bandza, Algirdas"]
[Result "1/2-1/2"]
[WhiteElo "2379"]
[BlackElo "2382"]
[PlyCount "36"]
[EventDate "2005.09.18"]

1. d4 Nf6 2. c4 e6 3. Nc3 Bb4 4. e3 b6 5. Nge2 Ne4 6. Qc2 Bb7 7. a3 Bxc3+ 8.
Nxc3 Nxc3 9. Qxc3 O-O 10. b3 d6 11. Bb2 Nd7 12. d5 e5 13. Bd3 c6 14. dxc6 Bxc6
15. Qc2 Qh4 16. O-O Bxg2 17. Kxg2 Qg4+ 18. Kh1 Qf3+ 1/2-1/2

[Event "XXI European Club Cup"]
[Site "Saint Vincent - Chatillon ITA"]
[Date "2005.09.24"]
[Round "7"]
[White "Rocius, Marijonas"]
[Black "Hammer, Jon Ludvig"]
[Result "0-1"]
[WhiteElo "2240"]
[BlackElo "2318"]
[PlyCount "72"]
[EventDate "2005.09.18"]

1. e4 e5 2. Bc4 Nf6 3. d4 Nc6 4. d5 Ne7 5. Nc3 Ng6 6. Be3 Bb4 7. f3 d6 8. Nge2
Nh5 9. Qd2 h6 10. O-O-O Qf6 11. Bb5+ Ke7 12. Rhf1 a6 13. Bd3 b6 14. g3 Bc5 15.
Kb1 Nf8 16. f4 Bg4 17. Rf2 exf4 18. gxf4 Ng6 19. e5 Qh4 20. Rdf1 f5 21. Bxc5
bxc5 22. exd6+ cxd6 23. Nc1 Kf7 24. Re1 Nhxf4 25. Ne4 fxe4 26. Bxe4 Kg8 27.
Ref1 Re8 28. Rxf4 Nxf4 29. Qxf4 Qf6 30. Qxf6 gxf6 31. Bg6 Rd8 32. Nd3 Be2 33.
Rxf6 Kg7 34. Re6 Bg4 35. Re4 h5 36. Nf4 Rdf8 0-1

[Event "XXI European Club Cup"]
[Site "Saint Vincent - Chatillon ITA"]
[Date "2005.09.24"]
[Round "7"]
[White "Volkov, Sergey"]
[Black "Rublevsky, Sergei"]
[Result "1/2-1/2"]
[WhiteElo "2622"]
[BlackElo "2645"]
[PlyCount "40"]
[EventDate "2005.09.18"]

1. d4 d5 2. c4 dxc4 3. e4 e5 4. Nf3 Bb4+ 5. Nc3 exd4 6. Nxd4 Ne7 7. Bxc4 Nbc6
8. Be3 O-O 9. Ndb5 Ba5 10. O-O a6 11. Nd4 Nxd4 12. Bxd4 Qd6 13. Rc1 Be6 14.
Bxe6 Qxe6 15. Bc5 Rfd8 16. Qb3 Qxb3 17. axb3 Bxc3 18. Bxe7 Rd7 19. Rxc3 Rxe7
20. Rd1 Rf8 1/2-1/2

[Event "X European Club Cup femminile"]
[Site "Saint Vincent - Chatillon ITA"]
[Date "2005.09.20"]
[Round "3"]
[White "Lahno, Kateryna"]
[Black "Cramling, Pia"]
[Result "0-1"]
[WhiteElo "2498"]
[BlackElo "2494"]
[PlyCount "92"]
[EventDate "2005.09.18"]

1. e4 c5 2. Nf3 e6 3. d4 cxd4 4. Nxd4 a6 5. Be2 Nf6 6. Nc3 Bb4 7. O-O d6 8. Qd3
O-O 9. Bg5 Nbd7 10. Nb3 h6 11. Bh4 Qb6 12. Rad1 Ne5 13. Qg3 Nh7 14. a3 Bxc3 15.
Qxc3 Ng6 16. Bg3 e5 17. Na5 Be6 18. Qb4 Qc7 19. Rxd6 Qxc2 20. Bh5 Nf4 21. Bxf4
exf4 22. Bd1 Qc7 23. e5 Rae8 24. h4 Re7 25. Bf3 Bc8 26. Nc4 a5 27. Qc3 Rfe8 28.
Qd4 Nf8 29. Qxf4 Ng6 30. Rxg6 fxg6 31. Nd6 Rf8 32. Qg3 Bf5 33. Bxb7 Qc5 34. Re1
Rb8 35. Ba6 Rxb2 36. h5 Kh8 37. hxg6 Bxg6 38. Re3 Qc2 39. Qf4 Qd1+ 40. Kh2 Qh5+
41. Kg3 Kh7 42. Bc4 Rb8 43. Be2 Qh1 44. e6 Qb1 45. Qh4 Rc7 46. e7 Rb3 0-1

[Event "XV C.to Mondiale seniores femminile"]
[Site "Lignano Sabbiadoro ITA"]
[Date "2005.09.28"]
[Round "1"]
[White "Beliaeva, Natalia"]
[Black "Dragasevic Georgieva, Antonina"]
[Result "1-0"]
[WhiteElo "2108"]
[BlackElo "2148"]
[PlyCount "111"]
[EventDate "2005.09.28"]

1. d4 Nf6 2. Nf3 d6 3. c4 c6 4. Nc3 Qc7 5. e4 e5 6. Be2 Be7 7. O-O O-O 8. b3
Nbd7 9. Bb2 a6 10. Rc1 Qb8 11. Qc2 Re8 12. Rfe1 Bf8 13. Rcd1 b5 14. d5 cxd5 15.
Nxd5 Bb7 16. Nxf6+ Nxf6 17. Nd2 Qc7 18. Qd3 b4 19. Qe3 Rac8 20. Bf3 Nd7 21. Bg4
Rcd8 22. Bxd7 Rxd7 23. a3 bxa3 24. Bxa3 d5 25. Bxf8 d4 26. Qd3 Rxf8 27. b4 Qb6
28. Rb1 Qg6 29. b5 f5 30. f3 fxe4 31. Nxe4 axb5 32. Rxb5 Re7 33. Qb3 Bxe4 34.
Rxe4 Qg5 35. c5+ Kh8 36. Rb8 Qc1+ 37. Kf2 Ree8 38. Rxe8 Rxe8 39. Rxe5 Qd2+ 40.
Kg3 Rg8 41. c6 Qc1 42. Qd5 d3 43. Qd7 g5 44. Re4 Qc3 45. c7 d2 46. Rd4 Qc1 47.
Rxd2 Qe1+ 48. Rf2 Qe5+ 49. Kh3 Qf4 50. g3 g4+ 51. Kg2 gxf3+ 52. Rxf3 Qc4 53.
Rd3 Qc2+ 54. Kh3 Qc1 55. Qd4+ Rg7 56. Qd8+ 1-0

[Event "XV C.to Mondiale seniores femminile"]
[Site "Lignano Sabbiadoro ITA"]
[Date "2005.09.28"]
[Round "1"]
[White "Dotan, Valeria"]
[Black "Fatalibekova, Elena"]
[Result "0-1"]
[WhiteElo "2009"]
[BlackElo "2302"]
[PlyCount "98"]
[EventDate "2005.09.28"]

1. Nf3 Nf6 2. c4 b6 3. Nc3 Bb7 4. d4 e6 5. g3 Bb4 6. Bg2 Bxc3+ 7. bxc3 d6 8.
O-O Nbd7 9. Bg5 h6 10. Bf4 O-O 11. Qc1 Rb8 12. h4 Ng4 13. a4 e5 14. Bd2 a5 15.
Bh3 f5 16. Nh2 Nxh2 17. Kxh2 Qe7 18. Qc2 Be4 19. Qd1 Rbe8 20. f3 Ba8 21. d5 Nc5
22. Qc2 f4 23. Bf5 fxg3+ 24. Kxg3 Bb7 25. Bh7+ Kh8 26. Bg6 Bc8 27. Rh1 e4 28.
Bxe4 Qe5+ 29. Kg2 Nxe4 30. Qxe4 Qxe4 31. fxe4 Rxe4 32. Be1 Rxe2+ 33. Kg1 Ba6
34. Rh2 Rxh2 35. Kxh2 Bxc4 36. Rd1 Rf5 37. Rd4 Bxd5 38. Kg3 Kg8 39. Kg4 Be6 40.
Kg3 Bb3 41. Bd2 Rd5 42. Kf4 Rxd4+ 43. cxd4 Bxa4 44. Ke4 Bb3 45. Bc3 Kf7 46. Bd2
Ke6 47. Kd3 Kf5 48. Ke3 Kg4 49. Be1 a4 0-1

[Event "XV C.to Mondiale seniores femminile"]
[Site "Lignano Sabbiadoro ITA"]
[Date "2005.09.28"]
[Round "1"]
[White "Hoose, Hannelore"]
[Black "Erenska-Barlo, Hanna"]
[Result "0-1"]
[WhiteElo "1871"]
[BlackElo "2247"]
[PlyCount "96"]
[EventDate "2005.09.28"]

1. e4 c5 2. Nc3 Nc6 3. g3 e6 4. Bg2 Nge7 5. d3 d5 6. exd5 exd5 7. Nf3 h6 8. O-O
Be6 9. Ne2 Ng6 10. c3 Be7 11. Nf4 Nxf4 12. Bxf4 Bd6 13. Bxd6 Qxd6 14. d4 O-O
15. dxc5 Qxc5 16. Qd2 Rad8 17. b3 Bf5 18. Nd4 Be4 19. Rfe1 Rfe8 20. Re3 Bxg2
21. Rxe8+ Rxe8 22. Kxg2 Re4 23. Nxc6 Qxc6 24. f3 Re6 25. Re1 Qa6 26. Rxe6 fxe6
27. Kf2 b5 28. Qe2 Qc6 29. Qe3 a6 30. Qe5 Kf7 31. h4 Qc5+ 32. Qe3 Qa3 33. Qd2
Ke7 34. g4 Qd6 35. f4 g5 36. hxg5 hxg5 37. Kf3 gxf4 38. Qxf4 e5 39. Qg5+ Qf6+
40. Qxf6+ Kxf6 41. a4 bxa4 42. bxa4 Kg5 43. Kg3 a5 44. Kf3 Kh4 45. Ke3 Kxg4 46.
Kd3 Kf3 47. c4 e4+ 48. Kd4 dxc4 0-1